[Event "Madrid-chT 1920 Honor"]
[Site "Madrid"]
[Date "2020.02.29"]
[Round "11.2"]
[White "Fernandez Garcia, Miguel Angel"]
[Black "Sanchez Saez, Francisco"]
[Result "0-1"]
[WhiteElo "2260"]
[BlackElo "2346"]
[PlyCount "68"]
[EventDate "2019.11.24"]
[EventType "team-tourn"]
[EventRounds "12"]
[EventCountry "ESP"]
[SourceTitle "EXT 2021"]
[Source "ChessBase"]
[SourceDate "2020.10.23"]
[SourceVersion "1"]
[SourceVersionDate "2020.10.23"]
[SourceQuality "1"]
[WhiteTeam "Liberty Chess"]
[BlackTeam "Blanco y Negro"]
[WhiteTeamCountry "ESP"]
[BlackTeamCountry "ESP"]

1. d4 Nf6 2. c4 g6 3. Nc3 Bg7 4. e4 d6 5. Bd3 0-0 6. Nge2 Nc6 7. 0-0 e5 8. d5 Nd4 9. Nb5 Nxe2+ 10. Qxe2 Nh5 11. g3 Bh3 12. Re1 Qd7 13. Be3 b6 14. Rac1 a5 15. a3 a4 16. Qd1 Bg4 17. Be2 f5 18. exf5 gxf5 19. Bxg4 fxg4 20. Nc3 Rf3 21. Ne4 Qf5 22. Qc2 Rf8 23. Re2 Nf4 24. gxf4 exf4 25. Nd2 Qh5 26. Nf1 fxe3 27. fxe3 Be5 28. Rg2 Kh8 29. Qe2 Qf5 30. Ng3 Bxg3 31. hxg3 Qe5 32. Rc3 Qe4 33. Qc2 Rf1+ 34. Kh2 Qe5 0-1

[Event "Madrid-chT 1920 Honor"]
[Site "Madrid"]
[Date "2020.01.12"]
[Round "4.3"]
[White "Fernandez Garcia, Miguel Angel"]
[Black "Renteria Becerra, Jorge Elicer"]
[Result "0-1"]
[WhiteElo "2270"]
[BlackElo "2290"]
[PlyCount "70"]
[EventDate "2019.11.24"]
[EventType "team-tourn"]
[EventRounds "12"]
[EventCountry "ESP"]
[SourceTitle "EXT 2021"]
[Source "ChessBase"]
[SourceDate "2020.10.23"]
[SourceVersion "1"]
[SourceVersionDate "2020.10.23"]
[SourceQuality "1"]
[WhiteTeam "Liberty Chess"]
[BlackTeam "Blanco y Negro"]
[WhiteTeamCountry "ESP"]
[BlackTeamCountry "ESP"]

1. d4 Nf6 2. c4 g6 3. Nc3 Bg7 4. Bf4 d6 5. h3 0-0 6. Nf3 Nc6 7. e3 Nd7 8. g4 e5 9. Bg5 f6 10. Bh4 exd4 11. exd4 Qe8+ 12. Be2 f5 13. g5 Ne7 14. Qd2 b6 15. Nb5 Qd8 16. Bg3 a6 17. Nc3 Bb7 18. Bf4 b5 19. 0-0-0 Nb6 20. b3 bxc4 21. bxc4 Bxf3 22. Bxf3 Rb8 23. Be2 Qd7 24. h4 Qc6 25. Qd3 d5 26. c5 Nc4 27. Qc2 Rb2 28. Qxb2 Nxb2 29. Kxb2 Rb8+ 30. Kc2 Rb4 31. Be3 f4 32. a3 Ra4 33. Kb3 Rc4 34. Nxd5 Qb5+ 35. Nb4 Rxb4+ 0-1

[Event "Madrid-chT 1718"]
[Site "Madrid"]
[Date "2018.02.18"]
[Round "10.32"]
[White "Diezma Aganzo, Jose Luis"]
[Black "Fernandez Garcia, Miguel Angel"]
[Result "1/2-1/2"]
[WhiteElo "2241"]
[BlackElo "2313"]
[PlyCount "43"]
[EventDate "2017.11.19"]
[EventType "team-tourn"]
[EventRounds "14"]
[EventCountry "ESP"]
[SourceTitle "EXT 2019"]
[Source "ChessBase"]
[SourceDate "2018.10.10"]
[SourceVersion "1"]
[SourceVersionDate "2018.10.10"]
[SourceQuality "1"]
[WhiteTeam "Villaverde"]
[BlackTeam "Liberty Chess"]
[WhiteTeamCountry "ESP"]
[BlackTeamCountry "ESP"]

1. e4 Nf6 2. e5 Nd5 3. d4 Nb6 4. c4 d6 5. exd6 exd6 6. Nc3 Be7 7. Bd3 Nc6 8. Nge2 0-0 9. 0-0 Nb4 10. Bb1 c5 11. d5 Nd7 12. a3 Na6 13. f4 f5 14. b3 Nf6 15. h3 Bd7 16. Bb2 b6 17. Bd3 g6 18. Qd2 Nh5 19. Rae1 Bf6 20. Kh2 Rf7 21. Nd1 Bxb2 22. Nxb2 1/2-1/2

[Event "Madrid-chT 1617"]
[Site "Madrid"]
[Date "2017.03.19"]
[Round "14.14"]
[White "Nieto de la Cruz, Julio"]
[Black "Fernandez Garcia, Miguel Angel"]
[Result "1/2-1/2"]
[WhiteElo "2144"]
[BlackElo "2366"]
[PlyCount "113"]
[EventDate "2016.11.20"]
[EventType "team-tourn"]
[EventRounds "14"]
[EventCountry "ESP"]
[SourceTitle "EXT 2018"]
[Source "ChessBase"]
[SourceDate "2017.10.13"]
[SourceVersion "1"]
[SourceVersionDate "2017.10.13"]
[SourceQuality "1"]
[WhiteTeam "Pueblo Nuevo"]
[BlackTeam "Liberty Chess"]
[WhiteTeamCountry "ESP"]
[BlackTeamCountry "ESP"]

1. d4 d5 2. c4 dxc4 3. e4 e5 4. d5 Nf6 5. Nc3 a6 6. Bxc4 Bd6 7. Nf3 Nbd7 8. Qe2 0-0 9. Bg5 Re8 10. Nh4 h6 11. Bxf6 Nxf6 12. Nf5 Bxf5 13. exf5 e4 14. 0-0-0 b5 15. Bb3 b4 16. Na4 Qd7 17. g4 Qb5 18. Qd2 e3 19. fxe3 Nxg4 20. Rde1 Ne5 21. Re2 c5 22. Bc2 f6 23. Kb1 c4 24. b3 cxb3 25. axb3 Rac8 26. Rg2 Rc7 27. e4 Kh7 28. Qd1 Ree7 29. Rhg1 Qe8 30. Nb2 Rc3 31. Na4 Rc8 32. Bd3 a5 33. Qd2 Rcc7 34. Be2 Nd7 35. Rg6 Nf8 36. Bh5 Qb8 37. e5 Rxe5 38. Rxh6+ gxh6 39. Qg2 Re1+ 40. Rxe1 Rg7 41. Qc2 Qa7 42. Nb2 Rg1 43. Rd1 Nd7 44. Nc4 Be5 45. d6 Rxd1+ 46. Qxd1 Bxh2 47. Be8 Kg7 48. Qd5 Qg1+ 49. Kc2 Qf2+ 50. Nd2 Qc5+ 51. Qc4 Qxf5+ 52. Kd1 Ne5 53. Qc7+ Kf8 54. d7 Qg4+ 55. Kc2 Qf5+ 56. Kd1 Qg4+ 57. Kc2 1/2-1/2

[Event "Madrid-chT 1617"]
[Site "Madrid"]
[Date "2017.03.05"]
[Round "12.34"]
[White "Renteria Becerra, Jorge Elicer"]
[Black "Fernandez Garcia, Miguel Angel"]
[Result "1/2-1/2"]
[WhiteElo "2226"]
[BlackElo "2366"]
[PlyCount "97"]
[EventDate "2016.11.20"]
[EventType "team-tourn"]
[EventRounds "14"]
[EventCountry "ESP"]
[SourceTitle "EXT 2018"]
[Source "ChessBase"]
[SourceDate "2017.10.13"]
[SourceVersion "1"]
[SourceVersionDate "2017.10.13"]
[SourceQuality "1"]
[WhiteTeam "Blanco y Negro"]
[BlackTeam "Liberty Chess"]
[WhiteTeamCountry "ESP"]
[BlackTeamCountry "ESP"]

1. e4 c5 2. Nc3 Nc6 3. Nf3 e5 4. Bc4 Be7 5. d3 d6 6. Ng5 Bxg5 7. Qh5 Be7 8. Qxf7+ Kd7 9. Be6+ Kc7 10. Nd5+ Kb8 11. Bxc8 Kxc8 12. Qxg7 Bf6 13. Qf7 Nb4 14. Nxb4 cxb4 15. 0-0 Kb8 16. a3 bxa3 17. Rxa3 Qe7 18. Qd5 Bg7 19. Be3 Nf6 20. Qa5 a6 21. Rfa1 Rc8 22. c4 Ng4 23. Bb6 Bh6 24. Qb4 Nf6 25. f3 Nd7 26. Bf2 Nc5 27. Qc3 Ne6 28. b4 Nf4 29. Qc2 Rg8 30. g3 Nh3+ 31. Kg2 Ng5 32. Be3 Qe6 33. Bxg5 Bxg5 34. b5 Be3 35. bxa6 Rg7 36. axb7 Rxa3 37. Rxa3 Rxb7 38. Rb3 Qd7 39. Qb1 Rxb3 40. Qxb3+ Qb7 41. Qxb7+ Kxb7 42. f4 exf4 43. gxf4 Bxf4 44. d4 Kc6 45. c5 dxc5 46. dxc5 Kxc5 47. e5 Bxe5 48. h4 h5 49. Kh1 1/2-1/2

[Event "Madrid-chT 1617"]
[Site "Madrid"]
[Date "2017.01.29"]
[Round "7.12"]
[White "Fernandez Garcia, Miguel Angel"]
[Black "Baigorri Navarro, Francisco Javier"]
[Result "1/2-1/2"]
[WhiteElo "2366"]
[BlackElo "2192"]
[PlyCount "175"]
[EventDate "2016.11.20"]
[EventType "team-tourn"]
[EventRounds "14"]
[EventCountry "ESP"]
[SourceTitle "EXT 2018"]
[Source "ChessBase"]
[SourceDate "2017.10.13"]
[SourceVersion "1"]
[SourceVersionDate "2017.10.13"]
[SourceQuality "1"]
[WhiteTeam "Liberty Chess"]
[BlackTeam "Pueblo Nuevo"]
[WhiteTeamCountry "ESP"]
[BlackTeamCountry "ESP"]

1. d4 Nf6 2. c4 e6 3. Nf3 d5 4. g3 Bb4+ 5. Bd2 Be7 6. Bg2 0-0 7. 0-0 c6 8. Qc2 Nbd7 9. Rd1 Ne4 10. Bf4 f5 11. Nc3 Qe8 12. Ne5 Qh5 13. f3 Nxe5 14. Bxe5 Nd6 15. Bxd6 Bxd6 16. c5 Be7 17. f4 g5 18. e3 Bd7 19. b4 a6 20. Na4 Be8 21. Nb2 Bf6 22. Qf2 Qh6 23. Bf1 Bh5 24. Rd2 Kh8 25. Na4 Rg8 26. Nb6 Rad8 27. a4 Rg7 28. b5 axb5 29. axb5 Rdg8 30. Rb1 gxf4 31. exf4 Bh4 32. Rb3 Be8 33. bxc6 Bxc6 34. Ra2 Bd8 35. Ra7 Bc7 36. Rf3 Rg4 37. Bg2 Qf6 38. Qe3 h5 39. Ra8 Bb8 40. Ra2 h4 41. Re2 hxg3 42. hxg3 R4g6 43. Kf2 Kg7 44. Re1 Kf7 45. Rh1 Rh8 46. Rxh8 Qxh8 47. Qd2 Bc7 48. Ra3 Qh2 49. Nc8 Rg8 50. Nb6 Rg4 51. Rf3 Qh8 52. Qc3 Rg8 53. Kg1 Bxb6 54. cxb6 Ra8 55. Re3 Ra4 56. Re5 Rc4 57. Qe3 Qf6 58. Bf3 Bd7 59. Bh5+ Kg7 60. Be2 Rc8 61. Qa3 Qf8 62. Re3 Qxa3 63. Rxa3 Rc6 64. Rb3 Rc1+ 65. Kf2 Kf6 66. g4 fxg4 67. Bxg4 Rc4 68. Ke3 Ba4 69. Rb2 Rc3+ 70. Kd2 Rg3 71. Be2 Kf5 72. Ra2 Bc6 73. Bd3+ Kxf4 74. Ra8 Rg2+ 75. Kc3 Rh2 76. Rf8+ Kg5 77. Rc8 Kf6 78. Rc7 Rh8 79. Ba6 Rb8 80. Kb4 e5 81. dxe5+ Kxe5 82. Kc5 Ke6 83. Rh7 Rc8 84. Rh6+ Ke5 85. Rh5+ Ke6 86. Rh6+ Ke5 87. Rh5+ Ke6 88. Rh6+ 1/2-1/2

[Event "Madrid-chT 1516"]
[Site "Madrid"]
[Date "2016.02.14"]
[Round "10.44"]
[White "Martin Duque, Jesus"]
[Black "Fernandez Garcia, Miguel Angel"]
[Result "1/2-1/2"]
[WhiteElo "2347"]
[BlackElo "2334"]
[PlyCount "104"]
[EventDate "2015.11.22"]
[EventType "team-tourn"]
[EventRounds "14"]
[EventCountry "ESP"]
[SourceTitle "EXT 2017"]
[Source "ChessBase"]
[SourceDate "2016.10.25"]
[SourceVersion "1"]
[SourceVersionDate "2016.10.25"]
[SourceQuality "1"]
[WhiteTeam "Collado Villalba"]
[BlackTeam "Liberty Chess"]
[WhiteTeamCountry "ESP"]
[BlackTeamCountry "ESP"]

1. e4 Nf6 2. e5 Nd5 3. c4 Nb6 4. d4 d6 5. exd6 cxd6 6. Nc3 g6 7. Be3 Bg7 8. Rc1 0-0 9. b3 Re8 10. Be2 Bd7 11. h3 e6 12. Nf3 Nc6 13. 0-0 d5 14. Qd2 dxc4 15. bxc4 Ne7 16. Rfd1 Bc6 17. Qd3 Rc8 18. Ne4 Nf5 19. Bg5 f6 20. Bf4 e5 21. dxe5 Qxd3 22. Bxd3 fxe5 23. Bh2 Rcd8 24. Bc2 Rxd1+ 25. Rxd1 Nxc4 26. Bb3 b5 27. Ned2 Bxf3 28. Nxf3 Nd4 29. Kf1 Nxf3 30. gxf3 Bf6 31. a4 a6 32. axb5 axb5 33. Rd5 Kg7 34. Rxb5 Nd6 35. Rb6 Nf5 36. Bd5 Nd4 37. Be4 Ne6 38. Rb7+ Kh6 39. Rf7 Bg7 40. h4 Rf8 41. Rxf8 Nxf8 42. f4 exf4 43. Bxf4+ Kh5 44. Bg5 Kg4 45. Kg2 h6 46. Bf3+ Kf5 47. Be3 Ne6 48. Bd1 g5 49. hxg5 hxg5 50. Bc2+ Kg4 51. Bg6 Nf4+ 52. Bxf4 Kxf4 1/2-1/2

[Event "Madrid-chT 1415"]
[Site "Madrid"]
[Date "2015.03.08"]
[Round "13.3"]
[White "Ortega Ruiz, Jose Miguel"]
[Black "Fernandez Garcia, Miguel Angel"]
[Result "0-1"]
[WhiteElo "2339"]
[BlackElo "2341"]
[PlyCount "94"]
[EventDate "2014.11.23"]
[EventType "team-tourn"]
[EventRounds "14"]
[EventCountry "ESP"]
[SourceTitle "EXT 2016"]
[Source "ChessBase"]
[SourceDate "2015.10.08"]
[SourceVersion "1"]
[SourceVersionDate "2015.10.08"]
[SourceQuality "1"]
[WhiteTeam "Collado Villalba"]
[BlackTeam "Liberty Chess"]
[WhiteTeamCountry "ESP"]
[BlackTeamCountry "ESP"]

1. d4 c5 2. d5 e5 3. e4 d6 4. f4 Nf6 5. Nc3 a6 6. a4 Qa5 7. Bd2 exf4 8. Qf3 Nbd7 9. Qxf4 Ne5 10. Nf3 Ng6 11. Qg3 Be7 12. Bd3 0-0 13. 0-0 Qc7 14. b3 b6 15. Ne2 Rb8 16. Nf4 b5 17. axb5 axb5 18. Ba5 Qd7 19. e5 Nxe5 20. Nxe5 dxe5 21. Nh3 b4 22. Qxe5 Bd6 23. Qg5 Qg4 24. Qxg4 Bxg4 25. Nf2 Bd7 26. Ne4 Nxe4 27. Bxe4 Rb7 28. c3 Ra8 29. cxb4 cxb4 30. Bxb4 Rxa1 31. Bxd6 Rxf1+ 32. Kxf1 Rxb3 33. Ke2 Bb5+ 34. Kd2 Bd7 35. Bc5 f5 36. Bf3 g5 37. d6 Rb5 38. Ba3 Ra5 39. Bb4 Ra2+ 40. Ke3 Kg7 41. Kd4 Kf6 42. Kc5 Rc2+ 43. Kb6 Ke5 44. Bc5 g4 45. Bc6 Bxc6 46. Kxc6 Ke6 47. g3 Rxh2 0-1

[Event "Madrid-chT 1415"]
[Site "Madrid"]
[Date "2015.02.22"]
[Round "11.44"]
[White "Fernandez Garcia, Miguel Angel"]
[Black "Rodriguez Vignote, Javier"]
[Result "1-0"]
[WhiteElo "2341"]
[BlackElo "1964"]
[PlyCount "85"]
[EventDate "2014.11.23"]
[EventType "team-tourn"]
[EventRounds "14"]
[EventCountry "ESP"]
[SourceTitle "EXT 2016"]
[Source "ChessBase"]
[SourceDate "2015.10.08"]
[SourceVersion "1"]
[SourceVersionDate "2015.10.08"]
[SourceQuality "1"]
[WhiteTeam "Liberty Chess"]
[BlackTeam "Blanco y Negro"]
[WhiteTeamCountry "ESP"]
[BlackTeamCountry "ESP"]

1. d4 Nf6 2. c4 e6 3. Nf3 b6 4. Bf4 Bb7 5. Nc3 Bb4 6. Qb3 c5 7. dxc5 Bxc5 8. e3 0-0 9. Rd1 Qc8 10. Nb5 Ne8 11. Be2 Nc6 12. 0-0 a6 13. Nc3 Na5 14. Qa4 Nc6 15. a3 Nf6 16. b4 Be7 17. Qb3 Ra7 18. e4 Ba8 19. e5 Ne8 20. Be3 Qb8 21. Na4 Bd8 22. Qb2 f6 23. exf6 Nxf6 24. Qd2 Bc7 25. h3 Rd8 26. Nc3 d5 27. cxd5 Nxd5 28. Nxd5 Rxd5 29. Qa2 Ne5 30. Ng5 Qe8 31. Qc2 g6 32. Ne4 Qf7 33. f4 Nd7 34. Ng5 Qe7 35. Bc4 Bb8 36. Bxd5 Bxd5 37. Qc8+ Kg7 38. Rxd5 exd5 39. Bd4+ Kh6 40. Qg8 Nf6 41. Qxb8 Ne4 42. Nxe4 dxe4 43. Be3 1-0

[Event "Madrid-chT 1415"]
[Site "Madrid"]
[Date "2015.02.01"]
[Round "8.1"]
[White "Fernandez Garcia, Miguel Angel"]
[Black "Congiu, Mathilde"]
[Result "0-1"]
[WhiteElo "2341"]
[BlackElo "2317"]
[PlyCount "128"]
[EventDate "2014.11.23"]
[EventType "team-tourn"]
[EventRounds "14"]
[EventCountry "ESP"]
[SourceTitle "EXT 2016"]
[Source "ChessBase"]
[SourceDate "2015.10.08"]
[SourceVersion "1"]
[SourceVersionDate "2015.10.08"]
[SourceQuality "1"]
[WhiteTeam "Liberty Chess"]
[BlackTeam "Virgen de Atocha"]
[WhiteTeamCountry "ESP"]
[BlackTeamCountry "ESP"]

1. d4 Nf6 2. c4 g6 3. Nc3 Bg7 4. e4 d6 5. Bd3 Nc6 6. Nge2 e5 7. d5 Nd4 8. Nb5 0-0 9. 0-0 Nxe2+ 10. Qxe2 a6 11. Nc3 Nh5 12. g3 Qe8 13. b4 f5 14. f3 Rf7 15. a4 a5 16. bxa5 Rxa5 17. Ba3 f4 18. g4 Nf6 19. Bb4 Ra8 20. c5 Qd8 21. cxd6 cxd6 22. Nb5 Ne8 23. Kh1 Bf8 24. a5 h5 25. gxh5 g5 26. Na3 Bh3 27. Rg1 Kh8 28. Nc4 g4 29. fxg4 f3 30. Qf2 Be7 31. Be1 Rf4 32. Nb6 Rb8 33. Bf1 Bxg4 34. Ra4 Nf6 35. h3 Bxh5 36. Qg3 Qf8 37. Bd2 Nxe4 38. Rxe4 Rxe4 39. Nd7 Bh4 40. Nxf8 Bxg3 41. Nd7 Rg8 42. Nf6 f2 43. Rxg3 Rxg3 44. Nxe4 Rg1+ 45. Kh2 Rxf1 46. Kg2 Re1 47. Nxf2 Re2 48. Bb4 e4 49. Kf1 Bf3 50. Bxd6 Kg8 51. Bf4 Ra2 52. Ng4 Rxa5 53. Ne3 Kf7 54. Kf2 b5 55. Bc7 Ra2+ 56. Kg3 b4 57. Nc4 Ke8 58. d6 Be2 59. Ne5 Bb5 60. Ng4 b3 61. Nf6+ Kf7 62. Nxe4 b2 63. Nd2 Ra3+ 64. Kf4 Rd3 0-1

[Event "Madrid-chT 1314"]
[Site "Madrid"]
[Date "2014.02.02"]
[Round "8.25"]
[White "Unciti Juan, Javier"]
[Black "Fernandez Garcia, Miguel Angel"]
[Result "0-1"]
[WhiteElo "2152"]
[BlackElo "2325"]
[PlyCount "112"]
[EventDate "2013.11.16"]
[EventType "team-tourn"]
[EventRounds "14"]
[EventCountry "ESP"]
[SourceTitle "EXT 2015"]
[Source "ChessBase"]
[SourceDate "2014.11.20"]
[SourceVersion "1"]
[SourceVersionDate "2014.11.20"]
[SourceQuality "1"]
[WhiteTeam "La Casa del Ajedrez"]
[BlackTeam "Liberty Chess"]
[WhiteTeamCountry "ESP"]
[BlackTeamCountry "ESP"]

1. e4 Nf6 2. e5 Nd5 3. d4 d6 4. c4 Nb6 5. exd6 exd6 6. Bd3 Nc6 7. Ne2 Bg4 8. Be3 Be7 9. 0-0 0-0 10. Nbc3 Nb4 11. b3 Nxd3 12. Qxd3 c6 13. h3 Bh5 14. Nf4 Bg6 15. Nxg6 hxg6 16. Rad1 d5 17. Bf4 Bg5 18. Bxg5 Qxg5 19. f4 dxc4 20. bxc4 Qf5 21. c5 Qxd3 22. Rxd3 Nd7 23. Rb1 b6 24. Na4 b5 25. Nc3 Rfe8 26. Kf2 a5 27. Re3 Nf6 28. Rxe8+ Rxe8 29. Nxb5 Ne4+ 30. Kg1 cxb5 31. Rxb5 Nc3 32. Rxa5 Ne2+ 33. Kf2 Nxd4 34. Ra4 Ne6 35. Rc4 Kf8 36. Kf3 Ke7 37. Ke4 Kd7 38. Kd5 Nc7+ 39. Kd4 Kc6 40. Kc3 Nd5+ 41. Kd4 Nxf4 42. Ra4 Ne6+ 43. Kc4 Nxc5 44. Ra7 Re4+ 45. Kc3 Nd7 46. Kd3 Rf4 47. Ke3 g5 48. Ra8 Rf6 49. a4 Re6+ 50. Kf3 Kb7 51. Rg8 g6 52. Rd8 Ne5+ 53. Kg3 Ra6 54. Re8 Ra5 55. Kf2 Kc7 56. Ke3 Kd7 0-1

[Event "Madrid-chT 1213 Honor"]
[Site "Madrid"]
[Date "2013.03.17"]
[Round "14.46"]
[White "Fernandez Garcia, Miguel Angel"]
[Black "Horcajada Reales, Guillermo"]
[Result "1-0"]
[WhiteElo "2307"]
[BlackElo "2232"]
[PlyCount "69"]
[EventDate "2012.11.18"]
[EventType "team"]
[EventRounds "14"]
[EventCountry "ESP"]
[SourceTitle "EXT 2014"]
[Source "ChessBase"]
[SourceDate "2013.11.20"]
[SourceVersion "1"]
[SourceVersionDate "2013.11.20"]
[SourceQuality "1"]
[WhiteTeam "Amigos del Retiro"]
[BlackTeam "Virgen de Atocha"]
[WhiteTeamCountry "ESP"]
[BlackTeamCountry "ESP"]

1. d4 d5 2. c4 c6 3. Nf3 Nf6 4. cxd5 cxd5 5. Nc3 Nc6 6. Bf4 g6 7. e3 Nh5 8. Bg5 h6 9. Bh4 g5 10. Bg3 Nxg3 11. hxg3 Bg7 12. Bd3 Be6 13. Rc1 Rc8 14. a3 a6 15. Na4 Rc7 16. Nd2 Qd6 17. b4 b5 18. Nc5 Bc8 19. Ndb3 e5 20. dxe5 Bxe5 21. 0-0 h5 22. f4 Bb2 23. Rc2 Bg7 24. Be2 h4 25. g4 Re7 26. Bf3 d4 27. Bxc6+ Qxc6 28. Ne4 Bxg4 29. Qxg4 Qxc2 30. Rc1 Qxc1+ 31. Nxc1 0-0 32. fxg5 Rd8 33. Nf6+ Kf8 34. e4 d3 35. Nxd3 1-0

[Event "Madrid-chT 1213 Honor"]
[Site "Madrid"]
[Date "2013.02.10"]
[Round "9.36"]
[White "Fernandez Garcia, Miguel Angel"]
[Black "Cao Armillas, Jesus"]
[Result "1/2-1/2"]
[WhiteElo "2307"]
[BlackElo "2173"]
[PlyCount "115"]
[EventDate "2012.11.18"]
[EventType "team"]
[EventRounds "14"]
[EventCountry "ESP"]
[SourceTitle "EXT 2014"]
[Source "ChessBase"]
[SourceDate "2013.11.20"]
[SourceVersion "1"]
[SourceVersionDate "2013.11.20"]
[SourceQuality "1"]
[WhiteTeam "Amigos del Retiro"]
[BlackTeam "Collado Villalba"]
[WhiteTeamCountry "ESP"]
[BlackTeamCountry "ESP"]

1. d4 Nf6 2. c4 e6 3. Nf3 b6 4. Bf4 Bb7 5. Nc3 Bb4 6. Rc1 Ne4 7. Nd2 Qf6 8. Be3 Nxc3 9. bxc3 Bd6 10. f3 Qg6 11. Bf2 f5 12. e3 0-0 13. h4 Bg3 14. f4 d6 15. h5 Bxf2+ 16. Kxf2 Qf6 17. Be2 Nd7 18. Bf3 Bxf3 19. gxf3 Qf7 20. Qa4 a5 21. Qc6 Rac8 22. Ke2 Qe8 23. Rcg1 Rf6 24. h6 g6 25. Kd1 Kh8 26. Ke1 e5 27. fxe5 dxe5 28. Qb5 Qe6 29. f4 e4 30. Ke2 Rff8 31. Rd1 Rb8 32. Rb1 Rfd8 33. Qa4 Qd6 34. Qc2 Nf6 35. Rb5 Qf8 36. c5 Nh5 37. Kd1 Qxh6 38. cxb6 cxb6 39. Qb3 Qf8 40. Rxb6 Nf6 41. c4 Ng4 42. Ke2 a4 43. Qb2 Kg8 44. Rb7 h5 45. Qb6 Rxb7 46. Qxb7 Qa3 47. Rh3 Qd3+ 48. Ke1 Nxe3 49. Qb6 Qxd4 50. Qxg6+ Kf8 51. Qh6+ Ke7 52. Qh7+ Ke6 53. Qg6+ Ke7 54. Qh7+ Kf8 55. Qh6+ Ke7 56. Qh7+ Ke6 57. Qg6+ Ke7 58. Qh7+ 1/2-1/2

[Event "Madrid-chT 1213 Honor"]
[Site "Madrid"]
[Date "2013.01.20"]
[Round "6.16"]
[White "Fernandez Garcia, Miguel Angel"]
[Black "Alvarez Abejon, Amilcar"]
[Result "1-0"]
[WhiteElo "2307"]
[BlackElo "2095"]
[PlyCount "55"]
[EventDate "2012.11.18"]
[EventType "team"]
[EventRounds "14"]
[EventCountry "ESP"]
[SourceTitle "EXT 2014"]
[Source "ChessBase"]
[SourceDate "2013.11.20"]
[SourceVersion "1"]
[SourceVersionDate "2013.11.20"]
[SourceQuality "1"]
[WhiteTeam "Amigos del Retiro"]
[BlackTeam "Pueblo Nuevo"]
[WhiteTeamCountry "ESP"]
[BlackTeamCountry "ESP"]

1. d4 d5 2. c4 e6 3. Nf3 c5 4. cxd5 exd5 5. g3 Nc6 6. Bg2 Nf6 7. 0-0 Be7 8. Nc3 0-0 9. Bg5 c4 10. Ne5 Be6 11. b3 Qa5 12. Nxc6 bxc6 13. Na4 Rac8 14. Qc2 h6 15. Bd2 Qa6 16. bxc4 dxc4 17. e4 Rb8 18. Rfe1 Ba3 19. Bc3 Rfd8 20. Bf1 Nd7 21. f4 Nb6 22. Nc5 Bxc5 23. dxc5 Na4 24. f5 Bd7 25. Be5 Rbc8 26. Bxc4 Qa5 27. Bxf7+ Kh8 28. Bd6 1-0

[Event "Madrid-chT 1213 Honor"]
[Site "Madrid"]
[Date "2012.11.25"]
[Round "2.26"]
[White "Cao Armillas, Jesus"]
[Black "Fernandez Garcia, Miguel Angel"]
[Result "1-0"]
[WhiteElo "2173"]
[BlackElo "2307"]
[PlyCount "95"]
[EventDate "2012.11.18"]
[EventType "team"]
[EventRounds "14"]
[EventCountry "ESP"]
[SourceTitle "EXT 2014"]
[Source "ChessBase"]
[SourceDate "2013.11.20"]
[SourceVersion "1"]
[SourceVersionDate "2013.11.20"]
[SourceQuality "1"]
[WhiteTeam "Collado Villalba"]
[BlackTeam "Amigos del Retiro"]
[WhiteTeamCountry "ESP"]
[BlackTeamCountry "ESP"]

1. d4 g6 2. c4 Bg7 3. Nc3 c5 4. Nf3 cxd4 5. Nxd4 Nc6 6. e3 Nf6 7. Be2 0-0 8. 0-0 d6 9. b3 Nxd4 10. exd4 d5 11. Bf4 Be6 12. c5 Rc8 13. Rc1 Ne4 14. Na4 Bd7 15. f3 Nf6 16. Nc3 Nh5 17. Be3 e6 18. Qd2 Bf6 19. g4 Ng7 20. Kg2 h5 21. h3 a6 22. b4 Qe8 23. Bf4 Bc6 24. Bd6 Be7 25. Be5 f6 26. Bg3 Qd8 27. Bd3 Be8 28. Ne2 Bf7 29. Qc2 f5 30. Be5 Bf6 31. Qd2 Bxe5 32. dxe5 g5 33. Nd4 Bg6 34. a4 Qe7 35. c6 Kh7 36. b5 axb5 37. axb5 fxg4 38. Bxg6+ Kxg6 39. fxg4 h4 40. Rxf8 Rxf8 41. c7 Qa3 42. Rc3 Qa1 43. Nf3 Rc8 44. Qxg5+ Kf7 45. Qf6+ Ke8 46. Qg6+ Kf8 47. Ng5 Qb2+ 48. Rc2 1-0

[Event "Madrid-chT"]
[Site "Madrid"]
[Date "2012.02.19"]
[Round "11.13"]
[White "Fernandez Garcia, Miguel Angel"]
[Black "Moreno Ruiz, Javier"]
[Result "0-1"]
[WhiteElo "2318"]
[BlackElo "2513"]
[PlyCount "100"]
[EventDate "2011.11.13"]
[EventType "team-tourn"]
[EventRounds "14"]
[EventCountry "ESP"]
[SourceTitle "EXT 2013"]
[Source "ChessBase"]
[SourceDate "2012.11.22"]
[SourceVersion "1"]
[SourceVersionDate "2012.11.22"]
[SourceQuality "1"]
[WhiteTeam "Amigos del Retiro"]
[BlackTeam "Collado Villalba"]
[WhiteTeamCountry "ESP"]
[BlackTeamCountry "ESP"]

1. d4 Nf6 2. c4 e6 3. g3 d5 4. Nf3 Bb4+ 5. Bd2 Bd6 6. Qc2 c6 7. Bg2 Nbd7 8. 0-0 0-0 9. Bg5 h6 10. Bxf6 Nxf6 11. Nbd2 b6 12. e4 Be7 13. cxd5 cxd5 14. e5 Nd7 15. Rfc1 Bb7 16. Qc7 Ba6 17. Bf1 Bxf1 18. Qxd8 Rfxd8 19. Kxf1 Rdc8 20. Ke2 f6 21. Nb3 Kf7 22. Rxc8 Rxc8 23. Rc1 Rc4 24. Rxc4 dxc4 25. Nbd2 b5 26. a4 a6 27. axb5 axb5 28. exf6 gxf6 29. Ne4 Nb6 30. Kd1 b4 31. Ned2 Ke8 32. Ne1 Kd7 33. Nc2 Kc6 34. Ne3 Kb5 35. b3 cxb3 36. Nxb3 Nc4 37. Kc2 Nxe3+ 38. fxe3 f5 39. Kd3 Ka4 40. Kc4 Ka3 41. Na1 Kb2 42. Nb3 Kc2 43. Na5 h5 44. d5 e5 45. Nb3 Bf8 46. Nc5 Kd2 47. Kxb4 Kxe3 48. Kc4 f4 49. gxf4 exf4 50. Ne4 Kxe4 0-1

[Event "Madrid-chT"]
[Site "Madrid"]
[Date "2012.02.12"]
[Round "10.22"]
[White "Fernandez Garcia, Miguel Angel"]
[Black "Davicce Canada, Juan Antonio"]
[Result "1-0"]
[WhiteElo "2318"]
[BlackElo "2095"]
[PlyCount "115"]
[EventDate "2011.11.13"]
[EventType "team-tourn"]
[EventRounds "14"]
[EventCountry "ESP"]
[SourceTitle "EXT 2013"]
[Source "ChessBase"]
[SourceDate "2012.11.22"]
[SourceVersion "1"]
[SourceVersionDate "2012.11.22"]
[SourceQuality "1"]
[WhiteTeam "Amigos del Retiro"]
[BlackTeam "Leganes"]
[WhiteTeamCountry "ESP"]
[BlackTeamCountry "ESP"]

1. d4 Nf6 2. c4 e6 3. Nf3 d5 4. g3 dxc4 5. Qa4+ Nbd7 6. Qxc4 a6 7. Bg2 b5 8. Qc6 Rb8 9. Bf4 Nd5 10. 0-0 Bb7 11. Qc2 Be7 12. Nc3 Nxf4 13. gxf4 0-0 14. Rfd1 Qc8 15. Rac1 c5 16. Qb1 c4 17. Ne5 Bxg2 18. Kxg2 Qb7+ 19. Qe4 Nxe5 20. fxe5 f6 21. Qxb7 Rxb7 22. exf6 Bxf6 23. Ne4 Rd7 24. e3 Rfd8 25. Nc5 Re7 26. Nxa6 Ra8 27. Nb4 Rf7 28. a3 Bh4 29. Rc2 Raf8 30. Rdd2 Rf5 31. Nc6 Rc8 32. Ne5 Bf6 33. f4 g5 34. Ng4 Kg7 35. Nxf6 Kxf6 36. fxg5+ Rxg5+ 37. Kf1 Rg4 38. Rf2+ Ke7 39. Ke2 Rd8 40. h3 Rh4 41. Rf3 Rd5 42. Rc1 Rdh5 43. a4 bxa4 44. Rxc4 Rxh3 45. Rxa4 Rh2+ 46. Kd3 Rxb2 47. Ra7+ Kd6 48. Rff7 Rb6 49. Rac7 e5 50. Rfd7+ Ke6 51. d5+ Kf5 52. Rf7+ Kg4 53. Rg7+ Kh4 54. Rxh7 Rxh7 55. Rxh7+ Kg5 56. Ke4 Kg6 57. Rh3 Kf6 58. Rh6+ 1-0